La prescripcin̤ extintiva

Bibliographic Details
Main Author: Dominguez Aguila, Ramn̤
Format: eBook
Language:Spanish
Published: Santiago de chile : Editorial Jurd̕ica de Chile, 2009
Subjects:
Online Access:Acceso restringido

MARC

LEADER 00000nam a22000007a 4500
005 20120619184136.0
007 cr|||| ||||
008 120619s2009 cl |||||s|||| 00||0 spa d
020 |a  956-10-1552-8 
035 |a 6170 
040 |d vLex 
090 |c 3206  |d 3206 
100 1 |a Dominguez Aguila, Ramn̤ 
245 1 3 |a La prescripcin̤ extintiva  |h [Recurso electrn̤ico] /  |c Ramn̤ Dominguez Aguila  
256 |a Servicio en ln̕ea 
260 |a Santiago de chile :  |b Editorial Jurd̕ica de Chile,  |c 2009 
300 |a 1 recurso electrn̤ico 
506 1 |a Contenido solo disponible en los productos indicados   |d vLex Global   |d vLex Global (Academic Edition, excluding Law Schools)   |d vLex Global (U.S. Academic Edition, Law Schools)   |d vLex Global (U.S. Academic Edition, excluding Law Schools)   |d vLex Global (Academic Edition, Law Schools)  
650 0 4 |a Prescripcin̤ (Derecho)  |z Chile 
740 0 |a vLex Libros (Servicio en ln̕ea) 
856 4 0 |u http://vlex.com/source/6170  |z Acceso restringido 
942 |c BOOK 
999 0 |a Prescription (Law)